000 00243nam a22000977a 4500
999 _c508091
_d508091
082 _aA45 KVB/2009-10
100 _aBombay. Karur Vysya Bank
_93145
245 _aAnnual report, 2009-10
260 _aMumbai
_bKarur Vysya Bank
_c2010
300 _a60p.